[Event "CRO Cup"]
[Site "Mali Losinj"]
[Date "2025.05.18"]
[Round "6.1"]
[White "Tica, Sven"]
[Black "Livaic, Leon"]
[Result "1/2-1/2"]
[WhiteElo "2429"]
[BlackElo "2544"]
[PlyCount "25"]
[EventDate "2025.05.14"]
[EventType "team-tourn"]
[EventRounds "6"]
[EventCountry "CRO"]
[SourceTitle "CB21_2025"]
[SourceDate "2025.05.21"]
[SourceVersion "1"]
[SourceVersionDate "2025.05.21"]
[SourceQuality "1"]
[WhiteTeam "Sveta Nedelja"]
[BlackTeam "Kastel Novi Sedlar"]
[WhiteTeamCountry "CRO"]
[BlackTeamCountry "CRO"]

1. d4 Nf6 2. c4 e6 3. g3 d5 4. Bg2 Bb4+ 5. Bd2 Be7 6. Nf3 0-0 7. 0-0 c6 8. Qc2 Nbd7 9. Bf4 Nh5 10. Bc1 Nhf6 11. Bf4 Nh5 12. Bc1 Nhf6 13. Bf4 1/2-1/2

[Event "Titled Tuesday intern op 07th Jan Early"]
[Site "Chess.com INT"]
[Date "2025.01.07"]
[Round "6"]
[White "Brancaleoni, Maurizio"]
[Black "Tica, Sven"]
[Result "0-1"]
[WhiteElo "2180"]
[BlackElo "2427"]
[PlyCount "104"]
[EventDate "2025.01.07"]
[EventType "swiss (blitz)"]
[EventRounds "11"]
[EventCountry "USA"]
[SourceTitle "CB03_2025"]
[SourceDate "2025.01.15"]
[SourceVersion "1"]
[SourceVersionDate "2025.01.15"]
[SourceQuality "1"]

1. Nf3 g6 2. e4 Bg7 3. d4 c6 4. h3 d5 5. e5 Bf5 6. g4 Bd7 7. Be2 h5 8. gxh5 Rxh5 9. Ng5 Rh8 10. e6 Bxe6 11. Nxe6 fxe6 12. Qd3 Kd7 13. Nc3 Qf8 14. Bg4 Nf6 15. Qxg6 Nxg4 16. Qxg4 Na6 17. Be3 Bh6 18. 0-0-0 Qxf2 19. Bxh6 Rxh6 20. Rd2 Qh4 21. Qd1 Rf8 22. Kb1 Rhf6 23. a3 Nc7 24. Na4 b6 25. c3 Nb5 26. Ka2 Nd6 27. Qe2 Rf2 28. Qe1 Nc4 29. Rxf2 Rxf2 30. Rf1 Rf4 31. Qxh4 Rxh4 32. Rf3 e5 33. dxe5 Nxe5 34. Rg3 b5 35. Nc5+ Kd6 36. Nb3 Nc4 37. Nd4 e6 38. Kb1 Nd2+ 39. Kc2 Nf1 40. Rf3 Nh2 41. Rf6 Re4 42. h4 a6 43. h5 Ng4 44. Rg6 Ne3+ 45. Kd3 Nc4 46. b3 Ne5+ 47. Kd2 Nxg6 48. hxg6 Rg4 49. b4 Rxg6 50. Nb3 Rg2+ 51. Kd3 Ra2 52. Nc5 Rxa3 0-1

[Event "CRO-chT1A 32nd"]
[Site "Veli Losinj"]
[Date "2024.10.13"]
[Round "9.4"]
[White "Tica, Sven"]
[Black "Franic, Milan"]
[Result "1-0"]
[WhiteElo "2419"]
[BlackElo "2364"]
[PlyCount "67"]
[EventDate "2024.10.05"]
[EventType "team-tourn"]
[EventRounds "9"]
[EventCountry "CRO"]
[SourceTitle "CB47_2024"]
[SourceDate "2024.11.20"]
[SourceVersion "1"]
[SourceVersionDate "2024.11.20"]
[SourceQuality "1"]
[WhiteTeam "Sveta Nedelja"]
[BlackTeam "Pula"]
[WhiteTeamCountry "CRO"]
[BlackTeamCountry "CRO"]

1. d4 b6 2. e4 Bb7 3. Bd3 Nf6 4. Nc3 e6 5. Nh3 d5 6. e5 Nfd7 7. Qh5 g6 8. Qf3 Nc6 9. Nb5 Be7 10. c3 h6 11. Nf4 Nf8 12. b3 Qd7 13. h4 Na5 14. h5 g5 15. Ne2 a6 16. Na3 c5 17. Rb1 Rc8 18. Qe3 c4 19. Bc2 cxb3 20. axb3 b5 21. 0-0 Nc6 22. b4 Rc7 23. f4 Nh7 24. f5 Nf8 25. Ng3 Na7 26. Nh1 Bc8 27. f6 Bd8 28. Nf2 Qc6 29. Bd2 Nd7 30. Ng4 Bb7 31. Nxh6 Nxf6 32. exf6 Rxh6 33. Qxg5 Rh8 34. Qg7 1-0

[Event "CRO-chT1A 32nd"]
[Site "Veli Losinj"]
[Date "2024.10.10"]
[Round "6.4"]
[White "Rezan, Sasa"]
[Black "Tica, Sven"]
[Result "1/2-1/2"]
[WhiteElo "2389"]
[BlackElo "2419"]
[PlyCount "64"]
[EventDate "2024.10.05"]
[EventType "team-tourn"]
[EventRounds "9"]
[EventCountry "CRO"]
[SourceTitle "CB47_2024"]
[SourceDate "2024.11.20"]
[SourceVersion "1"]
[SourceVersionDate "2024.11.20"]
[SourceQuality "1"]
[WhiteTeam "Bibinje Goran"]
[BlackTeam "Sveta Nedelja"]
[WhiteTeamCountry "CRO"]
[BlackTeamCountry "CRO"]

1. d4 d5 2. c4 e6 3. Nf3 a6 4. Bg5 Be7 5. Bxe7 Nxe7 6. e3 Nd7 7. Nc3 0-0 8. Rc1 b6 9. cxd5 exd5 10. Be2 Bb7 11. b4 Nf5 12. 0-0 Nd6 13. Qb3 c6 14. Bd3 Re8 15. Rfe1 Rc8 16. e4 dxe4 17. Nxe4 Nxe4 18. Bxe4 Nf6 19. Bd3 Rxe1+ 20. Rxe1 c5 21. dxc5 bxc5 22. Bc4 Bd5 23. Bxd5 Nxd5 24. bxc5 Rxc5 25. Qb7 a5 26. Qa7 Rc8 27. Rd1 Qc7 28. Qxc7 Nxc7 29. g3 Ne6 30. Rd7 Rc7 31. Rd5 Rc5 32. Rd7 Rc7 1/2-1/2

[Event "CRO-chT1A 32nd"]
[Site "Veli Losinj"]
[Date "2024.10.08"]
[Round "4.4"]
[White "Medak, Bojan"]
[Black "Tica, Sven"]
[Result "1/2-1/2"]
[WhiteElo "2329"]
[BlackElo "2419"]
[PlyCount "39"]
[EventDate "2024.10.05"]
[EventType "team-tourn"]
[EventRounds "9"]
[EventCountry "CRO"]
[SourceTitle "CB47_2024"]
[SourceDate "2024.11.20"]
[SourceVersion "1"]
[SourceVersionDate "2024.11.20"]
[SourceQuality "1"]
[WhiteTeam "Strigova Stridon"]
[BlackTeam "Sveta Nedelja"]
[WhiteTeamCountry "CRO"]
[BlackTeamCountry "CRO"]

1. e4 c5 2. c3 Nf6 3. e5 Nd5 4. d4 cxd4 5. Nf3 Nc6 6. cxd4 d6 7. Bc4 Nb6 8. Bb5 Bd7 9. Nc3 dxe5 10. dxe5 g6 11. 0-0 Bg7 12. Qe2 0-0 13. Rd1 Qc7 14. Bf4 Rad8 15. Qe3 Be6 16. Ng5 Qc8 17. Rac1 Rxd1+ 18. Rxd1 Nb4 19. Nxe6 Qxe6 20. Qe4 1/2-1/2

[Event "AUT-chT2W 2425"]
[Site "Austria"]
[Date "2024.09.27"]
[Round "1.2"]
[White "Tica, Sven"]
[Black "Fedorovsky, Michael"]
[Result "1-0"]
[WhiteElo "2419"]
[BlackElo "2414"]
[PlyCount "97"]
[EventDate "2024.09.27"]
[EventType "team-tourn"]
[EventRounds "11"]
[EventCountry "AUT"]
[SourceTitle "EXT 2025"]
[Source "ChessBase"]
[SourceDate "2024.10.14"]
[SourceVersion "1"]
[SourceVersionDate "2024.10.14"]
[SourceQuality "1"]
[WhiteTeam "Absam"]
[BlackTeam "Jenbach"]
[WhiteTeamCountry "AUT"]
[BlackTeamCountry "AUT"]

1. d4 d5 2. Nf3 Nf6 3. c4 e6 4. g3 Nc6 5. Bg2 Bd6 6. 0-0 0-0 7. Nbd2 a5 8. b3 a4 9. Bb2 a3 10. Bc3 Bb4 11. Qc2 Bxc3 12. Qxc3 Ne4 13. Qc1 f5 14. Nb1 dxc4 15. Qxc4 Qd6 16. Rc1 Bd7 17. Nc3 Kh8 18. e3 Nf6 19. Qe2 Be8 20. Nd2 Bh5 21. Qb5 Rab8 22. Nc4 Qe7 23. Bxc6 bxc6 24. Qxc6 Be8 25. Qc5 Qxc5 26. dxc5 Nd7 27. Nxa3 Nxc5 28. Ne2 Na6 29. Nc4 Bb5 30. Nd4 Bxc4 31. Rxc4 Rb6 32. Nc6 Kg8 33. Rd1 Kf7 34. Ne5+ Ke7 35. Rd7+ Kf6 36. f4 Rb5 37. Kg2 h6 38. h4 g5 39. Rh7 Rxe5 40. fxe5+ Kxe5 41. Rxh6 gxh4 42. Rc6 Nb4 43. Rcxe6+ Kd5 44. Ref6 Rb8 45. Rxf5+ Ke4 46. Rf4+ Kxe3 47. Rhxh4 Nxa2 48. Rf3+ Ke2 49. Rf2+ 1-0

[Event "CRO Cup"]
[Site "Mali Losinj"]
[Date "2024.05.10"]
[Round "4.9"]
[White "Tica, Sven"]
[Black "Jakovic, Roko"]
[Result "1-0"]
[WhiteElo "2425"]
[BlackElo "2200"]
[PlyCount "99"]
[EventDate "2024.05.08"]
[EventType "team-swiss"]
[EventRounds "6"]
[EventCountry "CRO"]
[SourceTitle "CBM 220 Extra"]
[Source "ChessBase"]
[SourceDate "2024.07.31"]
[SourceVersion "1"]
[SourceVersionDate "2024.07.31"]
[SourceQuality "1"]
[WhiteTeam "Bestovje Sveta Nedjelja"]
[BlackTeam "Oroslavje"]
[WhiteTeamCountry "CRO"]
[BlackTeamCountry "CRO"]

1. d4 d5 2. c4 c6 3. Qc2 Nf6 4. Nf3 g6 5. cxd5 cxd5 6. Bf4 Nc6 7. Nc3 Bg7 8. e3 0-0 9. Be2 Bf5 10. Qb3 Qb6 11. Qxb6 axb6 12. 0-0 Rac8 13. Rfd1 Rfd8 14. Rac1 Nh5 15. Bg5 h6 16. Bh4 g5 17. Bg3 Nxg3 18. hxg3 Bh7 19. Na4 Ra8 20. b3 Ra5 21. Rd2 g4 22. Ne1 h5 23. Nxb6 e5 24. dxe5 d4 25. Nc4 Rad5 26. f4 d3 27. Bf1 Bf8 28. a3 Bc5 29. b4 Ba7 30. Kf2 b5 31. Nb2 Nd4 32. Rc7 Nb3 33. Rxd3 Bxd3 34. Bxd3 R8d7 35. Rc3 Nd2 36. Ke2 Nc4 37. Nxc4 bxc4 38. Rxc4 Kf8 39. Rc2 Bb6 40. a4 Bd8 41. Be4 Rd1 42. Bc6 Rxe1+ 43. Kxe1 Rd3 44. Ke2 Rb3 45. a5 Rxb4 46. Ra2 Rc4 47. Bb7 Rc3 48. Kd2 Rb3 49. a6 Bb6 50. a7 1-0

[Event "Bundesliga 2324"]
[Site "Germany"]
[Date "2024.02.24"]
[Round "10.6"]
[White "Tica, Sven"]
[Black "Saltaev, Mihail"]
[Result "1/2-1/2"]
[WhiteElo "2444"]
[BlackElo "2441"]
[PlyCount "105"]
[EventDate "2023.10.21"]
[EventType "team-tourn"]
[EventRounds "15"]
[EventCountry "GER"]
[SourceTitle "CBM 218 Extra"]
[Source "ChessBase"]
[SourceDate "2024.03.31"]
[SourceVersion "1"]
[SourceVersionDate "2024.03.31"]
[SourceQuality "1"]
[WhiteTeam "Heimbach Weis Neuwied"]
[BlackTeam "Muelheim Nord"]
[WhiteTeamCountry "GER"]
[BlackTeamCountry "GER"]

1. d4 d5 2. c4 e6 3. Nf3 Nf6 4. g3 Be7 5. Bg2 0-0 6. Nc3 dxc4 7. Ne5 c5 8. dxc5 Qxd1+ 9. Nxd1 Bxc5 10. Nxc4 Nd5 11. Nc3 Nxc3 12. bxc3 Nc6 13. Rb1 f6 14. Rb5 Be7 15. 0-0 Rd8 16. f4 Rd7 17. Be3 Rc7 18. Rfb1 Nd8 19. Na5 Rxc3 20. Kf2 Ra3 21. Nxb7 Nxb7 22. Bxb7 Bxb7 23. Rxb7 Bd6 24. Rd7 Bf8 25. Rb2 a6 26. g4 h6 27. h4 Rc8 28. g5 hxg5 29. hxg5 fxg5 30. fxg5 Kh7 31. Bd4 Kg6 32. e3 Ra5 33. Kf3 Re8 34. Ra7 e5 35. Bc3 e4+ 36. Kf2 Ra3 37. Bd4 Kxg5 38. Kg1 Ra5 39. Rf7 g6 40. Rbf2 Rf5 41. Rg2+ Kh6 42. Rh2+ Rh5 43. Rhf2 Rf5 44. R7xf5 gxf5 45. Rxf5 Bg7 46. Bxg7+ Kxg7 47. Rg5+ Kf6 48. Ra5 Ra8 49. Kf2 Ke6 50. Ke2 Ra7 51. Ra4 Ke5 52. Ra5+ Ke6 53. Ra4 1/2-1/2

[Event "AUT-chT2W 2324"]
[Site "Austria"]
[Date "2024.01.21"]
[Round "8.4"]
[White "Lins, Philipp"]
[Black "Tica, Sven"]
[Result "0-1"]
[WhiteElo "2180"]
[BlackElo "2444"]
[PlyCount "72"]
[EventDate "2023.09.29"]
[EventType "team-tourn"]
[EventRounds "11"]
[EventCountry "AUT"]
[SourceTitle "EXT 2025"]
[Source "ChessBase"]
[SourceDate "2024.10.14"]
[SourceVersion "1"]
[SourceVersionDate "2024.10.14"]
[SourceQuality "1"]
[WhiteTeam "Hohenems"]
[BlackTeam "Absam"]
[WhiteTeamCountry "AUT"]
[BlackTeamCountry "AUT"]

1. d4 d5 2. c4 e6 3. Nf3 Nf6 4. g3 Bb4+ 5. Bd2 Be7 6. Bg2 c6 7. Qc2 b6 8. cxd5 cxd5 9. 0-0 0-0 10. Bf4 Bb7 11. Ne5 Nfd7 12. Nd2 Nxe5 13. Bxe5 Nc6 14. Nf3 Rc8 15. Qd2 b5 16. Rfc1 Qb6 17. Bf4 f6 18. h4 Rfe8 19. Bh3 Bf8 20. h5 a5 21. g4 Rcd8 22. h6 e5 23. dxe5 fxe5 24. Bg5 Rd7 25. hxg7 Bxg7 26. Nh4 Nd4 27. Be3 Qd8 28. g5 Rf7 29. Bxd4 exd4 30. Rf1 Bc8 31. Bg2 h6 32. f4 Re3 33. Rf2 hxg5 34. fxg5 Rxf2 35. Kxf2 Qxg5 36. Nf3 Rxf3+ 0-1

[Event "AUT-chT2W 2324"]
[Site "Austria"]
[Date "2024.01.20"]
[Round "7.4"]
[White "Tica, Sven"]
[Black "Besner, Bernhard"]
[Result "1-0"]
[WhiteElo "2444"]
[BlackElo "2125"]
[PlyCount "73"]
[EventDate "2023.09.29"]
[EventType "team-tourn"]
[EventRounds "11"]
[EventCountry "AUT"]
[SourceTitle "EXT 2025"]
[Source "ChessBase"]
[SourceDate "2024.10.14"]
[SourceVersion "1"]
[SourceVersionDate "2024.10.14"]
[SourceQuality "1"]
[WhiteTeam "Absam"]
[BlackTeam "Salzburg ASK"]
[WhiteTeamCountry "AUT"]
[BlackTeamCountry "AUT"]

1. d4 d5 2. c4 e6 3. Nf3 a6 4. Bg5 Be7 5. Bxe7 Qxe7 6. Nbd2 Nf6 7. Rc1 0-0 8. g3 Nbd7 9. cxd5 Nxd5 10. e4 Nb4 11. a3 Nc6 12. Qc2 Rd8 13. Bg2 Nf6 14. Nb3 Nb8 15. 0-0 c6 16. Rfe1 Nbd7 17. e5 Nd5 18. Nbd2 Nf8 19. Nc4 Bd7 20. Nd6 Rab8 21. h4 Be8 22. Nd2 f5 23. Bxd5 cxd5 24. Qc7 Qxc7 25. Rxc7 Rd7 26. Rec1 Rxc7 27. Rxc7 b6 28. Nb3 Ba4 29. Nc1 Bd1 30. Nd3 a5 31. Nf4 b5 32. Kg2 b4 33. axb4 axb4 34. g4 fxg4 35. Nh5 Ng6 36. Rxg7+ Kf8 37. Rf7+ 1-0

[Event "CRO-ch"]
[Site "Zagreb"]
[Date "2023.12.12"]
[Round "10"]
[White "Tica, Sven"]
[Black "Bukal, Vladimir Jr"]
[Result "0-1"]
[WhiteElo "2448"]
[BlackElo "2337"]
[PlyCount "114"]
[EventDate "2023.12.05"]
[EventType "tourn"]
[EventRounds "11"]
[EventCountry "CRO"]
[EventCategory "9"]
[SourceTitle "CBM 217 Extra"]
[Source "ChessBase"]
[SourceDate "2024.01.31"]
[SourceVersion "1"]
[SourceVersionDate "2024.01.31"]
[SourceQuality "1"]

1. d4 e6 2. c4 b6 3. e4 Bb7 4. Bd3 Nc6 5. Ne2 f5 6. Nbc3 Bb4 7. Bd2 Qh4 8. Qc2 Bxc3 9. Qxc3 fxe4 10. Bc2 Nf6 11. Bf4 0-0 12. Bxc7 e3 13. Qxe3 Nb4 14. Bb1 Bxg2 15. Rg1 Be4 16. Bd6 Bxb1 17. Bxb4 Bg6 18. Bxf8 Rxf8 19. Qf4 Qh5 20. Rg5 Qh6 21. Rg2 Qh3 22. Qg3 Qf5 23. Qg5 Qd3 24. Rc1 Ne4 25. Qe3 Nxf2 26. Qxf2 Rxf2 27. Rxf2 Bh5 28. b3 a5 29. c5 Bxe2 30. Rxe2 Qxd4 31. cxb6 Qxb6 32. Rc8+ Kf7 33. Rf2+ Ke7 34. Rcf8 Qe3+ 35. Kd1 d5 36. R8f3 Qd4+ 37. Ke2 Kd6 38. Rd3 Qb2+ 39. Ke1 Qc1+ 40. Rd1 Qe3+ 41. Re2 Qc3+ 42. Kf2 e5 43. Red2 d4 44. Rd3 Qc8 45. R1d2 Kd5 46. h3 Qf5+ 47. Kg2 Qg5+ 48. Kf2 Qf6+ 49. Ke2 g5 50. Ke1 e4 51. Rxd4+ Qxd4 52. a3 h5 53. b4 axb4 54. axb4 g4 55. hxg4 hxg4 56. b5 Qxd2+ 57. Kxd2 Kc5 0-1

[Event "CRO-ch"]
[Site "Zagreb"]
[Date "2023.12.09"]
[Round "7"]
[White "Martinovic, Sasa"]
[Black "Tica, Sven"]
[Result "1-0"]
[WhiteElo "2556"]
[BlackElo "2448"]
[PlyCount "51"]
[EventDate "2023.12.05"]
[EventType "tourn"]
[EventRounds "11"]
[EventCountry "CRO"]
[EventCategory "9"]
[SourceTitle "CBM 217 Extra"]
[Source "ChessBase"]
[SourceDate "2024.01.31"]
[SourceVersion "1"]
[SourceVersionDate "2024.01.31"]
[SourceQuality "1"]

1. d4 d5 2. c4 e6 3. Nc3 Be7 4. Nf3 Nf6 5. Bg5 Nbd7 6. e3 0-0 7. Qc2 h6 8. Bh4 c6 9. a3 b6 10. cxd5 exd5 11. Be2 Bb7 12. 0-0 Ne8 13. Bg3 Bd6 14. Ne5 Bc7 15. Rac1 Nxe5 16. dxe5 f6 17. f4 fxe5 18. fxe5 Rxf1+ 19. Rxf1 Qg5 20. Bd3 Qxe3+ 21. Kh1 Qc5 22. Bh7+ Kh8 23. Bg6 Nd6 24. exd6 Bxd6 25. b4 Qc4 26. Bd3 1-0

[Event "CRO-ch"]
[Site "Zagreb"]
[Date "2023.12.09"]
[Round "6"]
[White "Tica, Sven"]
[Black "Kozul, Zdenko"]
[Result "1/2-1/2"]
[WhiteElo "2448"]
[BlackElo "2532"]
[PlyCount "66"]
[EventDate "2023.12.05"]
[EventType "tourn"]
[EventRounds "11"]
[EventCountry "CRO"]
[EventCategory "9"]
[SourceTitle "CBM 217 Extra"]
[Source "ChessBase"]
[SourceDate "2024.01.31"]
[SourceVersion "1"]
[SourceVersionDate "2024.01.31"]
[SourceQuality "1"]

1. d4 Nf6 2. Nf3 g6 3. Nbd2 d5 4. e3 c6 5. c4 Bf5 6. Be2 Nbd7 7. 0-0 e6 8. b3 h5 9. Bb2 Bd6 10. Ne5 Ng4 11. Ndf3 Qb8 12. h3 Ngxe5 13. dxe5 Nxe5 14. Nd4 Rh7 15. f4 Nd7 16. Nxf5 gxf5 17. cxd5 cxd5 18. Bxh5 Bc5 19. Qe2 Qd6 20. g4 Qb6 21. Rfe1 d4 22. Rad1 dxe3 23. Rd3 0-0-0 24. Rc1 fxg4 25. hxg4 Rg8 26. g5 Qc7 27. Rxd7 Kxd7 28. Qb5+ Qc6 29. Qd3+ Qd6 30. Qb5+ Qc6 31. Qd3+ Qd6 32. Qb5+ Qc6 33. Qd3+ Qd6 1/2-1/2

[Event "CRO-ch"]
[Site "Zagreb"]
[Date "2023.12.06"]
[Round "2"]
[White "Tica, Sven"]
[Black "Kovacevic, Blazimir"]
[Result "1-0"]
[WhiteElo "2448"]
[BlackElo "2400"]
[PlyCount "101"]
[EventDate "2023.12.05"]
[EventType "tourn"]
[EventRounds "11"]
[EventCountry "CRO"]
[EventCategory "9"]
[SourceTitle "CBM 217 Extra"]
[Source "ChessBase"]
[SourceDate "2024.01.31"]
[SourceVersion "1"]
[SourceVersionDate "2024.01.31"]
[SourceQuality "1"]

1. d4 Nf6 2. c4 e6 3. g3 Bb4+ 4. Bd2 Be7 5. Bg2 d5 6. Nf3 Ne4 7. Nc3 c6 8. Qc2 f5 9. Bf4 Nd7 10. h4 0-0 11. 0-0 h6 12. Nxe4 fxe4 13. Ne5 Nxe5 14. Bxe5 Bd6 15. f3 Bxe5 16. dxe5 exf3 17. exf3 Qe7 18. Kh2 Bd7 19. f4 Rad8 20. Rad1 Be8 21. cxd5 cxd5 22. Bh3 Bb5 23. Rf2 Rc8 24. Qb3 a6 25. a4 Bc6 26. Qa3 Kf7 27. Qb3 Kg8 28. Rd4 Rc7 29. Qb6 Rcc8 30. Qb4 Rfe8 31. Qd2 Bd7 32. Bg4 Rc5 33. Bd1 Rec8 34. Bb3 Kh8 35. Qd3 Qe8 36. Bc2 Qg8 37. h5 Be8 38. g4 Rc4 39. Rxc4 Rxc4 40. b3 Rc6 41. Bb1 a5 42. Rg2 Bf7 43. Kh3 Rc1 44. Rf2 Rc6 45. Kg2 Be8 46. Kh2 Bf7 47. f5 exf5 48. Qxf5 Be6 49. Qd3 Rc8 50. Qg6 Bd7 51. Rf7 1-0

[Event "CRO-chT1B 31st"]
[Site "Veli Losinj"]
[Date "2023.10.19"]
[Round "9.52"]
[White "Tadic, Stefan"]
[Black "Tica, Sven"]
[Result "1-0"]
[WhiteElo "2373"]
[BlackElo "2444"]
[PlyCount "59"]
[EventDate "2023.10.11"]
[EventType "team-tourn"]
[EventRounds "9"]
[EventCountry "CRO"]
[SourceTitle "CBM 216 Extra"]
[Source "ChessBase"]
[SourceDate "2023.11.30"]
[SourceVersion "1"]
[SourceVersionDate "2023.11.30"]
[SourceQuality "1"]
[WhiteTeam "Vinkovci"]
[BlackTeam "Zagreb Novi Zagreb"]
[WhiteTeamCountry "CRO"]
[BlackTeamCountry "CRO"]

1. d4 d5 2. Nf3 c5 3. c4 e6 4. cxd5 exd5 5. g3 Nf6 6. Bg2 Be7 7. 0-0 0-0 8. Nc3 Nc6 9. dxc5 d4 10. Na4 Bf5 11. Bd2 Be4 12. Rc1 b5 13. cxb6 axb6 14. Ne1 b5 15. Rxc6 Rxa4 16. Qb3 Qa8 17. Rb6 Bxg2 18. Nxg2 Ne4 19. Qd3 b4 20. Rc1 Rxa2 21. Bxb4 Rxb2 22. Bxe7 Rxb6 23. Bxf8 Kxf8 24. Qxd4 Rb8 25. Ne3 Nf6 26. Nf5 Rd8 27. Ra1 Qb8 28. Qe3 h6 29. Qa3+ Kg8 30. Ne7+ 1-0

[Event "CRO-chT1B 31st"]
[Site "Veli Losinj"]
[Date "2023.10.12"]
[Round "2.42"]
[White "Nagy, Gabor"]
[Black "Tica, Sven"]
[Result "1/2-1/2"]
[WhiteElo "2439"]
[BlackElo "2444"]
[PlyCount "39"]
[EventDate "2023.10.11"]
[EventType "team-tourn"]
[EventRounds "9"]
[EventCountry "CRO"]
[SourceTitle "CBM 216 Extra"]
[Source "ChessBase"]
[SourceDate "2023.11.30"]
[SourceVersion "1"]
[SourceVersionDate "2023.11.30"]
[SourceQuality "1"]
[WhiteTeam "Mihovljan Sloboda"]
[BlackTeam "Zagreb Novi Zagreb"]
[WhiteTeamCountry "CRO"]
[BlackTeamCountry "CRO"]

1. d4 d5 2. c4 e6 3. Nc3 a6 4. cxd5 exd5 5. Bf4 Nf6 6. e3 Bd6 7. Bg3 Nc6 8. Bd3 h6 9. Nge2 Bxg3 10. Nxg3 0-0 11. 0-0 Re8 12. h3 Qd6 13. Rc1 Bd7 14. Bb1 Nd8 15. Re1 Ne6 16. Nf5 Qb6 17. h4 Nf8 18. Qf3 Bxf5 19. Bxf5 Qd6 20. g3 1/2-1/2

[Event "AUT-chT2W 2324"]
[Site "Austria"]
[Date "2023.09.29"]
[Round "1.3"]
[White "Tica, Sven"]
[Black "Lerch, Johannes"]
[Result "1-0"]
[WhiteElo "2444"]
[BlackElo "2283"]
[PlyCount "65"]
[EventDate "2023.09.29"]
[EventType "team-tourn"]
[EventRounds "11"]
[EventCountry "AUT"]
[SourceTitle "CBM 216 Extra"]
[Source "ChessBase"]
[SourceDate "2023.11.30"]
[SourceVersion "1"]
[SourceVersionDate "2023.11.30"]
[SourceQuality "1"]
[WhiteTeam "Absam"]
[BlackTeam "Jenbach II"]
[WhiteTeamCountry "AUT"]
[BlackTeamCountry "AUT"]

1. d4 Nf6 2. c4 e6 3. g3 d5 4. Bg2 dxc4 5. Qa4+ Nbd7 6. Qxc4 a6 7. Be3 Bd6 8. Nh3 0-0 9. 0-0 e5 10. dxe5 Nxe5 11. Qc2 Qe7 12. Nc3 Bxh3 13. Bxh3 h6 14. Rad1 Rfe8 15. Bg2 Rab8 16. Bd4 Ned7 17. e4 Bc5 18. e5 Bxd4 19. exf6 Qxf6 20. Nd5 Qe5 21. Qa4 c6 22. Nf4 c5 23. Qxd7 Rbd8 24. Qg4 b5 25. b3 Re7 26. Bf3 Rde8 27. Kg2 g6 28. Nd3 Qf6 29. Qf4 Qg7 30. Rfe1 g5 31. Rxe7 gxf4 32. Rxe8+ Kh7 33. Be4+ 1-0

[Event "Split op 12th"]
[Site "Split"]
[Date "2023.08.06"]
[Round "2"]
[White "Tica, Sven"]
[Black "Dionigi, Riccardo"]
[Result "1-0"]
[WhiteElo "2438"]
[BlackElo "2061"]
[PlyCount "73"]
[EventDate "2023.08.05"]
[EventType "swiss"]
[EventRounds "9"]
[EventCountry "CRO"]
[SourceTitle "CBM 215 Extra"]
[Source "ChessBase"]
[SourceDate "2023.09.30"]
[SourceVersion "1"]
[SourceVersionDate "2023.09.30"]
[SourceQuality "1"]

1. d4 f5 2. g3 Nf6 3. Bg2 e6 4. Nf3 d5 5. 0-0 Bd6 6. c4 c6 7. b3 Qe7 8. Bb2 0-0 9. Qc1 b5 10. Ne5 a5 11. Nd2 bxc4 12. bxc4 Ba6 13. Bc3 Ne4 14. Bxa5 Bxe5 15. dxe5 Nxd2 16. Qxd2 Bxc4 17. Rfc1 Ra6 18. a4 Qa7 19. Bc3 c5 20. Qc2 Nc6 21. Ra3 Nb4 22. Qd1 Na2 23. Ra1 Nxc3 24. Rxc3 Rb8 25. e4 fxe4 26. Bxe4 Bb5 27. Bc2 Be8 28. Qg4 c4 29. Rf3 Rb2 30. Bxh7+ Kxh7 31. Rf8 Qe7 32. Qh3+ Kg6 33. Rh8 Qg5 34. Qh7+ Kf7 35. Qg8+ Kg6 36. Qxe8+ Kf5 37. Rh5 1-0